Pagbasa at pagsulat sa iba't ibang disiplina / (Record no. 20304)
[ view plain ]
| 000 -LEADER | |
|---|---|
| fixed length control field | 00840nam a22002177a 4500 |
| 008 - FIXED-LENGTH DATA ELEMENTS--GENERAL INFORMATION | |
| fixed length control field | 240516b ||||| |||| 00| 0 eng d |
| 020 ## - INTERNATIONAL STANDARD BOOK NUMBER | |
| International Standard Book Number | 9717250243 |
| 082 ## - DEWEY DECIMAL CLASSIFICATION NUMBER | |
| Classification number | DFil 499.211 |
| Item number | P14 1997 |
| 245 ## - TITLE STATEMENT | |
| Title | Pagbasa at pagsulat sa iba't ibang disiplina / |
| Statement of responsibility, etc. | Carmelita S. Lorenzo and six others. |
| 260 ## - PUBLICATION, DISTRIBUTION, ETC. (IMPRINT) | |
| Place of publication, distribution, etc. | Makati City : |
| Name of publisher, distributor, etc. | Grandwater Publications and Research Corporations, |
| Date of publication, distribution, etc. | ©1997. |
| 300 ## - PHYSICAL DESCRIPTION | |
| Extent | ix, 225 pages : |
| Other physical details | illustrations ; |
| Dimensions | 22 cm. |
| 500 ## - GENERAL NOTE | |
| General note | Includes bibliography. |
| 650 ## - SUBJECT ADDED ENTRY--TOPICAL TERM | |
| Topical term or geographic name as entry element | Reading (Filipino). |
| 9 (RLIN) | 57186 |
| 700 ## - ADDED ENTRY--PERSONAL NAME | |
| Personal name | Mag-atas, Rosario U. |
| Relator term | author. |
| 9 (RLIN) | 5124 |
| 700 ## - ADDED ENTRY--PERSONAL NAME | |
| Personal name | San Juan, Corazon. |
| Relator term | author. |
| 9 (RLIN) | 57140 |
| 700 ## - ADDED ENTRY--PERSONAL NAME | |
| Personal name | Aganan, Fernanda P. |
| Relator term | author. |
| 9 (RLIN) | 57141 |
| 700 ## - ADDED ENTRY--PERSONAL NAME | |
| Personal name | De Leon, Zanaida S. |
| Relator term | author. |
| 9 (RLIN) | 57142 |
| 700 ## - ADDED ENTRY--PERSONAL NAME | |
| Personal name | San Juan, Gloria P. |
| Relator term | author. |
| 9 (RLIN) | 5345 |
| 700 ## - ADDED ENTRY--PERSONAL NAME | |
| Personal name | Cabaysa, William G. |
| Relator term | author. |
| 9 (RLIN) | 5126 |
| 942 ## - ADDED ENTRY ELEMENTS (KOHA) | |
| Source of classification or shelving scheme | Dewey Decimal Classification |
| Koha item type | Filipiniana |
| Withdrawn status | Lost status | Source of classification or shelving scheme | Damaged status | Not for loan | Collection code | Home library | Current library | Date acquired | Source of acquisition | Cost, normal purchase price | Total Checkouts | Full call number | Barcode | Date last seen | Copy number | Price effective from | Koha item type |
|---|---|---|---|---|---|---|---|---|---|---|---|---|---|---|---|---|---|
| Dewey Decimal Classification | Filipiniana | UM Digos College - LIC | UM Digos College - LIC | 05/16/2024 | Purchased | 141.75 | DFil 499.211 P14 1997 | 13329 | 05/15/2025 | 6 | 05/16/2024 | Filipiniana | |||||
| Dewey Decimal Classification | Filipiniana | UM Digos College - LIC | UM Digos College - LIC | 05/16/2024 | Purchased | 141.75 | DFil 499.211 P14 1997 | 13324 | 05/15/2025 | 1 | 05/16/2024 | Filipiniana | |||||
| Dewey Decimal Classification | Filipiniana | UM Digos College - LIC | UM Digos College - LIC | 05/16/2024 | Purchased | 141.75 | DFil 499.211 P14 1997 | 13333 | 05/15/2025 | 10 | 05/16/2024 | Filipiniana | |||||
| Dewey Decimal Classification | Filipiniana | UM Digos College - LIC | UM Digos College - LIC | 05/16/2024 | Purchased | 141.75 | DFil 499.211 P14 1997 | 13334 | 05/15/2025 | 11 | 05/16/2024 | Filipiniana | |||||
| Dewey Decimal Classification | Filipiniana | UM Digos College - LIC | UM Digos College - LIC | 05/16/2024 | Purchased | 141.75 | DFil 499.211 P14 1997 | 13332 | 05/15/2025 | 9 | 05/16/2024 | Filipiniana |
